|
|
|
|
| LEADER |
00000nam0a2200000 4500 |
| 001 |
174240 |
| 005 |
20231031164627.0 |
| 035 |
|
|
|a (RuTPU)RU\TPU\book\188954
|
| 090 |
|
|
|a 174240
|
| 100 |
|
|
|a 20100125d1979 km y0rusy50 ca
|
| 101 |
0 |
|
|a rus
|
| 102 |
|
|
|a RU
|
| 105 |
|
|
|a a z 001zy
|
| 200 |
1 |
|
|a Антенны
|e современное состояние и проблемы
|f под ред. Л. Д. Бахраха, Д. И. Воскресенского
|
| 210 |
|
|
|a Москва
|c Советское радио
|d 1979
|
| 215 |
|
|
|a 208 с.
|c ил.
|
| 225 |
1 |
|
|a Библиотека радиоинженера "Современная радиоэлектроника"
|v Вып. 16
|
| 320 |
|
|
|a Библиогр.: с. 202-205.
|
| 610 |
1 |
|
|a антенны
|
| 610 |
1 |
|
|a состояние
|
| 610 |
1 |
|
|a проблемы
|
| 610 |
1 |
|
|a радиоэлектроника
|
| 610 |
1 |
|
|a антенные решетки
|
| 610 |
1 |
|
|a апертурные антенны
|
| 610 |
1 |
|
|a синтез
|
| 610 |
1 |
|
|a проектирование
|
| 610 |
1 |
|
|a автоматизация
|
| 675 |
|
|
|a 621.396.67
|v 3
|
| 702 |
|
1 |
|a Бахрах
|b Л. Д.
|4 340
|
| 702 |
|
1 |
|a Воскресенский
|b Д. И.
|4 340
|
| 801 |
|
1 |
|a RU
|b 63413507
|c 20100125
|
| 801 |
|
2 |
|a RU
|b 63413507
|c 20171109
|g RCR
|
| 942 |
|
|
|c BK
|